Statistics for Countries Which Names Are The Same In English And In Polish

Click here to take the quiz!

General Stats

  • This quiz has been taken 56 times
  • The average score is 32 of 64

Answer Stats

Answer% Correct
Chile
75%
Iran
73%
Panama
73%
Niger
71%
Albania
69%
Australia
69%
Nigeria
69%
San Marino
67%
Zimbabwe
65%
Austria
63%
Angola
62%
Oman
62%
Zambia
62%
Ghana
60%
Haiti
60%
Liechtenstein
60%
Malta
60%
Sudan
60%
Mali
58%
Lesotho
56%
Pakistan
56%
Peru
56%
Somalia
54%
Uzbekistan
54%
Laos
52%
Mongolia
52%
Nepal
52%
Serbia
52%
Tanzania
52%
Armenia
50%
Estonia
50%
Senegal
50%
Palau
48%
Gambia
46%
Honduras
46%
Namibia
46%
Sierra Leone
46%
Togo
46%
Turkmenistan
46%
Barbados
44%
Belize
44%
Botswana
44%
Tonga
44%
Tuvalu
44%
Uganda
44%
Benin
42%
Brunei
42%
Malawi
42%
Nauru
42%
Burkina Faso
40%
Saint Lucia
40%
Samoa
40%
Vanuatu
40%
Eswatini
38%
Rwanda
38%
Sri Lanka
38%
Bhutan
37%
Syria
37%
Burundi
35%
Gabon
35%
Kiribati
35%
Liberia
35%
Grenada
33%
Mauritius
31%

Score Distribution

Percentile by Number Answered

Percent of People with Each Score

Your Score History

You have not taken this quiz